00418nam a2200157 a 45000010005000000030009000050080041000140400028000550820019000831000026001022450022001282600061001503000009002114900018002206500022002382188CO-ViMGA141112s2004 ck r 000 u spa d aCO-ViMGAbspacCO-ViMGA04aCo861.44 T174e1 aTatis Guerra, Gustavo10aEl eden encendido aSantafé de Bogotá : bSimón y Lola Guberek, c1994 a55 p aLiteraria, 4814aPOESIA COLOMBIANA